Концепция систематической погрешности прямолинейного учёта базовой линии при определении Cu, Sb, Bi методом инверсионной вольтамперометрии в объектах окружающей среды; Химия и химическая технология на рубеже тысячелетий; Т. 2

Bibliographic Details
Parent link:Химия и химическая технология на рубеже тысячелетий: Материалы II Всероссийской научной конференции, Томск, 26-28 ноября 2002 г./ Российское химическое общество им. Д. И. Менделеева; Российская академия естественных наук; Томский научный центр СО РАН; Администрация Томской области; Томский политехнический университет.— , 2002-
Т. 2.— 2002.— С. 150-153
Main Author: Романенко С. В. Сергей Владимирович
Other Authors: Ларин С. Л., Ларина Л. Н. Людмила Николаевна
Language:Russian
Published: 2002
Subjects:
Format: MixedMaterials Book Chapter
KOHA link:https://koha.lib.tpu.ru/cgi-bin/koha/opac-detail.pl?biblionumber=84838

MARC

LEADER 00000naa2a2200000 4500
001 84838
005 20240110095011.0
035 |a (RuTPU)RU\TPU\book\91169 
090 |a 84838 
100 |a 20051103d2002 k y0rusy50 ca 
101 0 |a rus 
102 |a RU 
200 1 |a Концепция систематической погрешности прямолинейного учёта базовой линии при определении Cu, Sb, Bi методом инверсионной вольтамперометрии в объектах окружающей среды  |f С. В. Романенко, С. Л. Ларин, Л. Н. Ларина 
320 |a Библиогр.: 5 назв. 
461 1 |0 (RuTPU)RU\TPU\book\48472  |t Химия и химическая технология на рубеже тысячелетий  |o Материалы II Всероссийской научной конференции, Томск, 26-28 ноября 2002 г.  |f Российское химическое общество им. Д. И. Менделеева; Российская академия естественных наук; Томский научный центр СО РАН; Администрация Томской области; Томский политехнический университет  |d 2002- 
463 0 |0 (RuTPU)RU\TPU\book\48113  |t Т. 2  |v С. 150-153  |d 2002  |p 366 с. 
610 1 |a систематические погрешности 
610 1 |a погрешности 
610 1 |a учёт 
610 1 |a методы определения 
610 1 |a вольтамперометрия инверсионная 
610 1 |a автоматизация 
610 1 |a оборудование 
610 1 |a программное управление 
610 1 |a приборы 
610 1 |a вольтамперометрия 
610 1 |a труды учёных ТПУ 
700 1 |a Романенко  |b С. В.  |c специалист в области экологии и безопасности жизнедеятельности  |c заведующий кафедрой Томского политехнического университета, доктор химических наук  |f 1972-  |g Сергей Владимирович  |3 (RuTPU)RU\TPU\pers\26046  |9 11887 
701 1 |a Ларин  |b С. Л. 
701 1 |a Ларина  |b Л. Н.  |c доцент Томского политехнического университета, кандидат химических наук  |f 1979-  |g Людмила Николаевна  |3 (RuTPU)RU\TPU\pers\29681 
801 1 |a RU  |b 63413507  |c 20051103  |g PSBO 
801 2 |a RU  |b 63413507  |c 20171215  |g PSBO 
942 |c BK